Understanding econometrics

Sparad:
Bibliografiska uppgifter
Huvudupphovsman: Halcoussis, Dennis
Materialtyp: Bok
Språk:Undetermined
Publicerad: Victoria, Australia Thomson (South-Western) 2005
Ämnen:
Taggar: Lägg till en tagg
Inga taggar, Lägg till första taggen!
Thư viện lưu trữ: Trung tâm Học liệu Trường Đại học Cần Thơ
LEADER 00535nam a2200193Ia 4500
001 CTU_106005
008 210402s9999 xx 000 0 und d
020 |c 1699710 
082 |a 330.015195 
082 |b H157 
100 |a Halcoussis, Dennis 
245 0 |a Understanding econometrics 
245 0 |c Dennis Halcoussis 
260 |a Victoria, Australia 
260 |b Thomson (South-Western) 
260 |c 2005 
650 |a Econometrics 
904 |i Minh (Nguyên sửa) 
980 |a Trung tâm Học liệu Trường Đại học Cần Thơ